Water Covered Country Borders - Statistics

General Stats
  • This quiz has been taken 101 times
    77 since last reset
  • The average score is 20 of 30
Answer Stats
COUNTRY % Correct
France
93%
United Kingdom
91%
Russia
89%
Denmark
82%
Sweden
82%
D. R. Congo
80%
Turkey
79%
Azerbaijan
75%
Azerbaijan
75%
Azerbaijan
75%
Kazakhstan
71%
Tanzania
71%
Germany
70%
Turkmenistan
70%
North Korea
68%
Poland
68%
Romania
66%
Romania
66%
Ukraine
66%
Bahrain
64%
Malaysia
64%
Saudi Arabia
64%
Argentina
61%
Moldova
61%
Singapore
61%
Uruguay
59%
Zambia
50%
Botswana
48%
Mauritania
23%
Senegal
20%
No matching quizzes found
Score Distribution
Percent of People with Each Score
Percentile by Number Answered
Your Score History
You have not taken this quiz since the last reset